Normal view
MARC view
Entry Personal Name
001 - CONTROL NUMBER
- control field: 575827
003 - CONTROL NUMBER IDENTIFIER
- control field: OSt
005 - DATE AND TIME OF LATEST TRANSACTION
- control field: 20221002054401.0
008 - FIXED-LENGTH DATA ELEMENTS
- fixed length control field: 221002|| aca||aabn | a|a d
040 ## - CATALOGING SOURCE
- Original cataloging agency: OSt
- Transcribing agency: OSt
100 ## - HEADING--PERSONAL NAME
- Personal name: Sankalia Hasmukh Dhirajlal, etc
670 ## - SOURCE DATA FOUND
- Source citation: Work cat.: (OSt)924732: Sankalia Hasmukh Dhirajlal, etc, From history to pre-history at Nevasa 1954-56, 1960
